Teachers on TV Quiz Stats

 Plays Quiz Updated Aug 19, 2014

Support Sporcle.
Go Orange.
Score 0/20 Timer 05:00
1 Play Today
Number Character % Correct
Friends (Dr. Ross Geller)
90%
The Simpsons (Edna Krabappel)
88.1%
South Park (Herbert Garrison/Janet Garrison)
81.1%
Arthur (Nigel Ratburn)
59.9%
The Magic School Bus (Valerie Frizzle)
59.7%
Welcome Back, Kotter (Gabe Kotter)
59.5%
Boy Meets World (George Feeny)
59.3%
How I Met Your Mother (Ted Mosby)
58.7%
Glee (Will Schuester)
58.2%
Community (Señor Chang)
47.8%
Number Character % Correct
Hangin' with Mr. Cooper (Mark Cooper)
37.9%
Gilligan's Island (The Professor/Dr. Roy Hinkley)
36.4%
The Steve Harvey Show (Steve Hightower)
25.4%
Head of the Class (Charlie Moore)
21.1%
The Andy Griffith Show (Helen Crump)
19.2%
Ed (Carol Vessey)
16.3%
Gilmore Girls (Max Medina)
14.6%
Arrested Development (Donnie Richter)
13.6%
Strangers with Candy (Chuck Noblet)
10.1%
Mad Men (Suzanne Farrell)
8.1%

You're not logged in!

Compare scores with friends on all Sporcle quizzes.
OR
Log In

From the Vault

Meryl Streep or Glenn Close

by BetterThanKate

It's a close call on some of these.
Remove Ads.
Support Sporcle.
Get the best of Sporcle when you Go Orange. This ad-free experience offers more features, more stats, and more fun while also helping to support Sporcle. Thank you for becoming a member.

Show Comments

Extras

Top Quizzes Today


Score Distribution

Your Account Isn't Verified!

In order to create a playlist on Sporcle, you need to verify the email address you used during registration. Go to your Sporcle Settings to finish the process.

Report this User

Report this user for behavior that violates our Community Guidelines.

Details: